Bài tập ngữ pháp tiếng Pháp. Trình độ sơ cấp
Dành cho học viên trình độ cao cấp. Mỗi bài học được trình bày thành 2 phần: Lý thuyết và bài tập. Phần đáp án được trình bày cuối sách
Đã lưu trong:
| Tác giả chính: | |
|---|---|
| Định dạng: | Sách |
| Năm xuất bản: |
TP HCM
|
| Phiên bản: | 2005 |
| Chủ đề: | |
| Tags: |
Thêm thẻ
Không có thẻ, Hãy là người đầu tiên gắn thẻ bản ghi này!
|
| LEADER | 01191nam a2200217 4500 | ||
|---|---|---|---|
| 999 | |c 4545 |d 4545 | ||
| 082 | |a 445.076 |b B103t | ||
| 100 | |a Lương Quỳnh Mai | ||
| 245 | |a Bài tập ngữ pháp tiếng Pháp. Trình độ sơ cấp |c Lương Quỳnh Mai, Trần Thị Yến biên dịch | ||
| 250 | |a 2005 | ||
| 260 | |a TP HCM | ||
| 300 | |a 400 tr. |c 21 cm | ||
| 520 | |a Dành cho học viên trình độ cao cấp. Mỗi bài học được trình bày thành 2 phần: Lý thuyết và bài tập. Phần đáp án được trình bày cuối sách | ||
| 653 | |a Ngôn ngữ | ||
| 653 | |a Tiếng Pháp | ||
| 653 | |a Ngữ pháp | ||
| 653 | |a Bài tập | ||
| 942 | |2 ddc |c STK0 | ||
| 952 | |0 0 |1 0 |2 ddc |4 0 |6 445_076000000000000_B103T |7 0 |8 400 |9 44113 |a qbu |b qbu |c D4 |d 2014-12-19 |g 35000 |o 445.076 B103t |p 2877.c1 |w 2014-12-19 |y STK0 |0 0 |6 445_076000000000000_B103T | ||
| 952 | |0 0 |1 0 |2 ddc |4 0 |6 445_076000000000000_B103T |7 0 |8 400 |9 44114 |a qbu |b qbu |c D4 |d 2014-12-19 |g 35000 |o 445.076 B103t |p 2877.c2 |w 2014-12-19 |y STK0 |0 0 |6 445_076000000000000_B103T | ||
| 952 | |0 0 |1 0 |2 ddc |4 0 |6 445_076000000000000_B103T |7 0 |8 400 |9 44115 |a qbu |b qbu |c D4 |d 2014-12-19 |g 35000 |o 445.076 B103t |p 2877.c3 |w 2014-12-19 |y STK0 |0 0 |6 445_076000000000000_B103T | ||